Principles and applications of Electrical Engineering. (Record no. 8207)

MARC details
000 -LEADER
fixed length control field 00518nam a22001817a 4500
003 - CONTROL NUMBER IDENTIFIER
control field OSt
005 - DATE AND TIME OF LATEST TRANSACTION
control field 20251021020003.0
008 - FIXED-LENGTH DATA ELEMENTS--GENERAL INFORMATION
fixed length control field 231012b |||||||| |||| 00| 0 eng d
020 ## - INTERNATIONAL STANDARD BOOK NUMBER
International Standard Book Number 9789814577410
040 ## - CATALOGING SOURCE
Transcribing agency DDC
082 ## - DEWEY DECIMAL CLASSIFICATION NUMBER
Classification number 621.3 RIZ 2016.
100 ## - MAIN ENTRY--PERSONAL NAME
Personal name Rizzoni,Giorgio;Kearns;
9 (RLIN) 16746
245 ## - TITLE STATEMENT
Title Principles and applications of Electrical Engineering.
260 ## - PUBLICATION, DISTRIBUTION, ETC. (IMPRINT)
Place of publication, distribution, etc. New York.
Name of publisher, distributor, etc. MCGraw Hill;
Date of publication, distribution, etc. 2016.
300 ## - PHYSICAL DESCRIPTION
Extent xv,1134p;
Other physical details col,ill;
Dimensions 25cm.
504 ## - BIBLIOGRAPHY, ETC. NOTE
Bibliography, etc includes Appendix and index.
942 ## - ADDED ENTRY ELEMENTS (KOHA)
Source of classification or shelving scheme Dewey Decimal Classification
Koha item type Open Shelf
Koha issues (borrowed), all copies 1
Holdings
Withdrawn status Lost status Source of classification or shelving scheme Damaged status Not for loan Home library Current library Date acquired Inventory number Total Checkouts Full call number Barcode Date last seen Price effective from Koha item type Source of acquisition Date last checked out
    Dewey Decimal Classification     MUST Main Library MUST Main Library 12/10/2023 23/42200 1 621.3 RIZ 2016. 2023-0626 22/10/2025 12/10/2023 Book Bank Purchase 20/10/2025
    Dewey Decimal Classification     MUST Main Library Main Kihumuro Campus 12/10/2023 23/42201   621.3 RIZ 2016. 2023-0624 12/10/2023 12/10/2023 Book Bank    
    Dewey Decimal Classification     MUST Main Library Main Kihumuro Campus 12/10/2023 23/42199   621.3 RIZ 2016. 2023-0625 12/10/2023   Book Bank Purchase